Interdimensional (Registo nº 76020)

Detalhes MARC
000 -Etiqueta do registo
campo de controlo de comprimento fixo 00749 2200229 4500
001 - Identificador do registo
Campo de controlo 76020
005 - Identificador da versão
Campo de controlo 20260325125128.0
010 ## - ISBN
Número (ISBN) 978-65-266-3269-7
Qualificação v.1)
010 ## - ISBN
Número (ISBN) 978-65-266-4666-3
Qualificação v.2)
100 ## - Dados Gerais de Proc.
Dados gerais de processamento 20260320g2024 m||y0pory50 ba
101 ## - Língua da publicação
Língua do texto, banda sonora, etc. Português
102 ## - País de Publicação
País de publicação Portugal
200 ## - Título
Título próprio Interdimensional
Primeira menção de responsabilidade Roze Naomi
210 ## - Publicação, Distribuição
Lugar da edição, distribuição, etc. [S.l.
Nome do editor, distribuidor, etc. s.n.]
Data da publicação, distribuição, etc. 2025
215 ## - Descrição física
Descrição física vol.
300 ## - Notas gerais
Texto da nota Livro autografado pelo autor
327 ## - Nota de conteúdo
Texto da nota Vol. 1 : A grande transição : sobreviverás?. - 2024. - 379, [7] p. -
-- Vol. 2 : O segredo da fachada : atreves-te?. -2025. - 356, [4] p.
-- Vol. 3 : A trilha mística : desvendarás?. -2025. -402, [6] p.
675 ## - CDU
Notação 133.2
Edição BN
Língua da edição Português
675 ## - CDU
Notação 159.922
Edição BN
Língua da edição Português
801 ## - Fonte de origem
País Portugal
Agência BN
Regras de catalogação RPC
090 ## - Números de controlo do sistema (Koha)
Número biblioitem do Koha (gerado automaticamente) 76020
942 ## - Elementos de entrada adicionados (Koha)
Suprimido Disponível no OPAC
Tipo de item no Koha Monografias
Exemplares
Removido (estado) Perdido (estado) Data de aquisição Origem do registo (biblioteca) (codificado) Código da organização que empresta ou é detentora (biblioteca) Código de barras Local Número de inventário Cota Numeração (volume ou outra parte) Data de empréstimo ou depósito Tipo de circulação (não pode ser emprestado) Tipo de item e material
Disponível Disponível 2026-03-20 Biblioteca Municipal Álvaro de Campos Biblioteca Municipal Álvaro de Campos BMTAV73243 Sala de Adultos 73243 E3 NAO v. 1 2026-04-01 Normal Monografias
Disponível Disponível 2026-03-20 Biblioteca Municipal Álvaro de Campos Biblioteca Municipal Álvaro de Campos BMTAV73244 Sala de Adultos 73244 E3 NAO v. 2 2026-04-01 Normal Monografias
Disponível Disponível 2026-03-25 Biblioteca Municipal Álvaro de Campos Biblioteca Municipal Álvaro de Campos BMTAV76477 Sala de Adultos 76477 E3 NAO v. 3   Normal Monografias